Aʻmāl al-Multaqá al-Awwal li-shabāb al-bāḥithīn fī al-dirāsāt al-Qibṭīyah : turāth al-ajdād fī ʻuyūn al-aḥfād /

محفوظ في:

المؤلف الرئيسي: Nājiḥ, Ashraf (مؤلف)

مؤلفون آخرون: Alfī, Nādir (المحرر), Sāwīrus, Ibrāhīm (المحرر), Muʻawwaḍ, Ṣamūʼīl (المحرر), Buṭrus, Najlāʼ.

التنسيق: كتاب

اللغة: Arabic

منشور في: [Cairo] : Muʼassasat Sān Mārk li-Tawthīq al-Turāth, 2018.

الطبعة: al-Ṭabʻah al-ūlá.

الموضوعات:

الوسوم: إضافة وسم

لا توجد وسوم, كن أول من يضع وسما على هذه التسجيلة!

رقم الطلب: BX134 .E3 N35

LEADER 01135nam a22002657a 4500
005 20260205094130.0
008 260205t2018 ua a b 101 0 ara d
040 |c ARCE Library 
050 1 4 |a BX134 .E3  |b N35  
100 1 |a Nājiḥ, Ashraf,  |e author 
245 1 0 |a Aʻmāl al-Multaqá al-Awwal li-shabāb al-bāḥithīn fī al-dirāsāt al-Qibṭīyah :   |b turāth al-ajdād fī ʻuyūn al-aḥfād /   |c taqdīm U.D. Jawdat Jabrah ; taḥrīr D. Ashraf Nājiḥ. 
250 |a al-Ṭabʻah al-ūlá. 
260 1 |a [Cairo] :   |b Muʼassasat Sān Mārk li-Tawthīq al-Turāth,   |c 2018. 
300 |a 370 pages :   |b illustrations ;   |c 21 cm. 
504 |a Includes bibliographical references (pages [331]-350) and index. 
610 2 0 |a Coptic Church  |z Egypt  |x History  |v Congresses. 
610 2 0 |a Coptic Church  |z Jerusalem  |x History  |v Congresses. 
610 2 0 |a Coptic Church  |x History  |v Congresses. 
650 |a Copts  |z Egypt  |x History  |v Congresses. 
700 1 |a Alfī, Nādir,   |e editor 
700 1 |a Sāwīrus, Ibrāhīm,   |e editor 
700 1 |a Muʻawwaḍ, Ṣamūʼīl,   |e editor 
700 1 |a Buṭrus, Najlāʼ. 
942 |2 lcc  |c BK 
999 |c 37214  |d 37214